[Event "Hastings Masters 2011-12"]
[Site "Hastings ENG"]
[Date "2011.12.28"]
[Round "1.2"]
[White "Howell, David W L"]
[Black "Griffiths, Ryan Rhys"]
[Result "1-0"]
[WhiteElo "2633"]
[BlackElo "2310"]
[PlyCount "49"]
[EventDate "2011.12.28"]

1. c4 Nf6 2. Nc3 g6 3. e4 e5 4. d4 exd4 5. Qxd4 Nc6 6. Qe3 b6 7. e5 Bc5 8. Qg5
Ng8 9. Nd5 h6 10. Qg3 Nge7 11. Bf4 Nf5 12. Qc3 Bd4 13. Qc2 d6 14. exd6 cxd6 15.
O-O-O Bg7 16. g4 Nfd4 17. Qe4+ Be6 18. Be3 f5 19. gxf5 gxf5 20. Qg2 Qd7 21. Nf4
O-O-O 22. Bxd4 Nxd4 23. Qa8+ Kc7 24. Qxa7+ Kc8 25. Qxb6 1-0

[Event "Hastings Masters 2011-12"]
[Site "Hastings ENG"]
[Date "2011.12.28"]
[Round "1.4"]
[White "Edouard, Romain"]
[Black "Stewart, Neil"]
[Result "1-0"]
[WhiteElo "2621"]
[BlackElo "2299"]
[PlyCount "115"]
[EventDate "2011.12.28"]

1. e4 c6 2. d4 d5 3. e5 c5 4. Nf3 Nc6 5. c4 cxd4 6. Nxd4 e6 7. Nc3 Bb4 8. Nxc6
bxc6 9. Qa4 Rb8 10. cxd5 exd5 11. Qxc6+ Kf8 12. Bd2 Ne7 13. Qa4 Qc7 14. f4 Bd7
15. Qd1 Ba5 16. Qc1 Qb7 17. Bd3 Rc8 18. Qd1 Qxb2 19. Rb1 Qa3 20. Rb3 Qc5 21.
Ba6 Rd8 22. Qc1 Bc6 23. Qa3 Qxa3 24. Rxa3 Bb4 25. Rb3 Bc5 26. Bb5 h5 27. Na4
Bd4 28. Ke2 Rh6 29. Kd3 Bxb5+ 30. Rxb5 Ra6 31. Ra5 Rxa5 32. Bxa5 Rc8 33. Bb4
Rc4 34. Rb1 Ke8 35. Bd6 Nf5 36. Rb8+ Kd7 37. Rb7+ Ke6 38. Rb4 Nxd6 39. Rxc4
dxc4+ 40. Kxd4 Nf5+ 41. Ke4 g6 42. Nc3 Kd7 43. Nb5 a6 44. Na3 c3 45. Nc2 Ke6
46. Kd3 g5 47. fxg5 Kxe5 48. Nb4 c2 49. Nxc2 Kf4 50. a4 h4 51. Nb4 a5 52. Nc6
h3 53. gxh3 Kxg5 54. Nxa5 Nd6 55. Kd4 f5 56. Ke5 Nc8 57. Nc4 Na7 58. Kd6 1-0

[Event "Hastings Masters 2011-12"]
[Site "Hastings ENG"]
[Date "2011.12.28"]
[Round "1.5"]
[White "Massoni, Michael"]
[Black "Vovk, Yuri"]
[Result "1-0"]
[WhiteElo "2304"]
[BlackElo "2571"]
[PlyCount "103"]
[EventDate "2011.12.28"]

1. e4 c5 2. Nf3 e6 3. d4 cxd4 4. Nxd4 a6 5. Be2 Nf6 6. Nc3 Qc7 7. O-O Bb4 8.
Qd3 Nc6 9. Bg5 Nxd4 10. Qxd4 Bc5 11. Qd2 b5 12. Bf4 e5 13. Nd5 Nxd5 14. Qxd5
Bb7 15. Qxe5+ Qxe5 16. Bxe5 f6 17. Bg3 Bxe4 18. a4 b4 19. Rfe1 d5 20. Rad1 Kf7
21. Bd3 Rhe8 22. Bxe4 dxe4 23. Rd7+ Kg6 24. h4 h5 25. Rc7 Bf8 26. Kf1 Kf5 27.
Rd1 Rac8 28. Rdd7 Kg4 29. c3 bxc3 30. bxc3 Rxc7 31. Rxc7 f5 32. Rc6 g5 33. hxg5
f4 34. g6 Bg7 35. Bh2 Rb8 36. Rc4 Rb1+ 37. Ke2 Rb2+ 38. Ke1 Rc2 39. Rxe4 Bxc3+
40. Kf1 Kf5 41. Rc4 Rc1+ 42. Ke2 Kxg6 43. Bxf4 Re1+ 44. Kf3 Bf6 45. Rc6 Kf5 46.
Rxa6 h4 47. Ra5+ Kg6 48. Ra8 Bd4 49. Rd8 Bc5 50. Rd5 Ba7 51. Rg5+ Kf6 52. Ra5
1-0

[Event "Hastings Masters 2011-12"]
[Site "Hastings ENG"]
[Date "2011.12.28"]
[Round "1.6"]
[White "Pert, Nicholas"]
[Black "Haydon, David L"]
[Result "1/2-1/2"]
[WhiteElo "2563"]
[BlackElo "2296"]
[PlyCount "63"]
[EventDate "2011.12.28"]

1. d4 Nf6 2. Nf3 g6 3. c4 Bg7 4. g3 O-O 5. Bg2 d6 6. O-O Nbd7 7. Nc3 a6 8. h3
c6 9. e4 e5 10. Qc2 b5 11. c5 Ne8 12. Bg5 f6 13. Be3 dxc5 14. dxc5 a5 15. a3 a4
16. Ne1 Qe7 17. Nd3 Bb7 18. f4 exf4 19. gxf4 Nc7 20. Rae1 Rac8 21. Ne2 f5 22.
e5 g5 23. Nd4 Ne6 24. Nxe6 Qxe6 25. fxg5 Nxe5 26. Nf4 Qc4 27. Qb1 Rce8 28. Kh1
Ng6 29. Nh5 f4 30. Nxg7 Rxe3 31. Rxe3 fxe3 32. Nf5 1/2-1/2

[Event "Hastings Masters 2011-12"]
[Site "Hastings ENG"]
[Date "2011.12.28"]
[Round "1.7"]
[White "Rudd, Jack"]
[Black "Sengupta, Deep"]
[Result "0-1"]
[WhiteElo "2290"]
[BlackElo "2562"]
[PlyCount "68"]
[EventDate "2011.12.28"]

1. e4 e6 2. d4 d5 3. Nd2 Nf6 4. e5 Nfd7 5. f4 c5 6. c3 Nc6 7. Ndf3 cxd4 8. cxd4
a5 9. Bd3 Nb6 10. Ne2 a4 11. a3 Na5 12. O-O g6 13. Nc3 Bd7 14. Qe1 Bc6 15. g4
Nb3 16. Rb1 h5 17. h3 hxg4 18. hxg4 Qd7 19. Be3 Be7 20. f5 gxf5 21. gxf5 Rg8+
22. Kh1 Nc4 23. Bf4 Rh8+ 24. Bh2 O-O-O 25. Qf2 Rh3 26. Kg2 Rh5 27. f6 Bf8 28.
Bf4 Bh6 29. Bxh6 Rxh6 30. Rfd1 Rg8+ 31. Kf1 Rh3 32. Ke2 Rgg3 33. Ne1 Re3+ 34.
Kf1 Qd8 0-1

[Event "Hastings Masters 2011-12"]
[Site "Hastings ENG"]
[Date "2011.12.28"]
[Round "1.8"]
[White "Vovk, Andrey"]
[Black "Longson, Alexander"]
[Result "1-0"]
[WhiteElo "2551"]
[BlackElo "2281"]
[PlyCount "109"]
[EventDate "2011.12.28"]

1. e4 e5 2. Nf3 Nc6 3. Bb5 a6 4. Ba4 Nf6 5. O-O Be7 6. Re1 b5 7. Bb3 d6 8. c3
O-O 9. h3 Na5 10. Bc2 c5 11. d4 Qc7 12. d5 Nb7 13. Nbd2 Nd8 14. a4 Rb8 15. axb5
axb5 16. b4 Bd7 17. bxc5 Qxc5 18. Ba3 Qxc3 19. Re3 Qc7 20. Nxe5 Bxh3 21. Nd3
Bg4 22. Qb1 Re8 23. Nb4 Ra8 24. Bb2 Rxa1 25. Qxa1 Bd7 26. Rg3 Kf8 27. Bd4 Nb7
28. f4 Qa5 29. Qb2 Ra8 30. Nb1 Rc8 31. Ra3 Qd8 32. e5 Nh5 33. Ra7 Nc5 34. Bd1
Nxf4 35. exd6 Bf6 36. Bxf6 Qxf6 37. Qxf6 gxf6 38. Bf3 Ke8 39. Nc3 f5 40. Nc6
Ne4 41. Nxe4 fxe4 42. Bxe4 Nxd5 43. Bxd5 Bxc6 44. Bxf7+ Kd8 45. Be6 Be8 46. Rb7
Ra8 47. Kf2 b4 48. Rxb4 Bd7 49. Rf4 Ke8 50. Bf7+ Kd8 51. Bd5 Ra6 52. Rf8+ Be8
53. Bf7 Rxd6 54. Rxe8+ Kd7 55. Re3 1-0

[Event "Hastings Masters 2011-12"]
[Site "Hastings ENG"]
[Date "2011.12.28"]
[Round "1.9"]
[White "Furman, Boris"]
[Black "Hebden, Mark L"]
[Result "0-1"]
[WhiteElo "2280"]
[BlackElo "2515"]
[PlyCount "54"]
[EventDate "2011.12.28"]

1. d4 Nf6 2. c4 g6 3. Nc3 Bg7 4. Nf3 O-O 5. Bg5 c5 6. d5 d6 7. e3 a6 8. a4 e5
9. dxe6 Bxe6 10. Nd2 h6 11. Bh4 Nc6 12. Be2 Qb6 13. Ra3 Rad8 14. O-O g5 15. Bg3
d5 16. cxd5 Nxd5 17. Qc1 Na5 18. e4 Nb4 19. f4 c4+ 20. Bf2 Qd6 21. f5 Qxd2 22.
fxe6 fxe6 23. Qb1 Rxf2 24. Rxf2 Bd4 25. e5 Bxf2+ 26. Kxf2 Qd4+ 27. Kf1 Nd3 0-1

[Event "Hastings Masters 2011-12"]
[Site "Hastings ENG"]
[Date "2011.12.28"]
[Round "1.10"]
[White "Williams, Simon K"]
[Black "Prosviriakov, Vladimir"]
[Result "1-0"]
[WhiteElo "2513"]
[BlackElo "2274"]
[PlyCount "83"]
[EventDate "2011.12.28"]

1. d4 d5 2. c4 c6 3. Nc3 Nf6 4. Nf3 Qb6 5. g3 Bg4 6. Ne5 Bf5 7. Bg2 e6 8. O-O
Nbd7 9. Nxd7 Nxd7 10. e4 dxe4 11. Nxe4 Be7 12. Bf4 Bxe4 13. Bxe4 Nf6 14. Bg2
O-O 15. Be3 Rfd8 16. Qe2 Qa6 17. Rfe1 Rd7 18. a3 Rad8 19. b4 Qa4 20. h4 h5 21.
Bf3 g6 22. Kg2 Ne8 23. g4 hxg4 24. Bxg4 Ng7 25. h5 f5 26. hxg6 fxg4 27. Rh1 Bf6
28. Rh7 Qb3 29. Qxg4 Qxc4 30. Rah1 Qd5+ 31. Kg1 Kf8 32. R1h5 Nxh5 33. Rxh5 Qb3
34. Kh2 Bg7 35. d5 Qxd5 36. Rxd5 Rxd5 37. Qxe6 R8d7 38. Bg5 Rxg5 39. Qxd7 Rh5+
40. Kg3 Rg5+ 41. Kf4 Rxg6 42. Qc8+ 1-0

[Event "Hastings Masters 2011-12"]
[Site "Hastings ENG"]
[Date "2011.12.28"]
[Round "1.11"]
[White "Sreeves, Clement"]
[Black "Holzke, Frank"]
[Result "0-1"]
[WhiteElo "2247"]
[BlackElo "2506"]
[PlyCount "72"]
[EventDate "2011.12.28"]

1. e4 c5 2. Nf3 d6 3. d4 cxd4 4. Nxd4 Nf6 5. Nc3 a6 6. Be3 e6 7. g4 e5 8. Nf5
h5 9. g5 Nxe4 10. Nxg7+ Bxg7 11. Nxe4 d5 12. Ng3 d4 13. Bd2 Qd5 14. c4 Qc6 15.
Bd3 Bg4 16. Qc2 Bf3 17. Rg1 Nd7 18. Nf5 Rg8 19. Kf1 Bf8 20. Nh4 O-O-O 21. Nxf3
Qxf3 22. Be4 Qh3+ 23. Bg2 Qe6 24. b4 d3 25. Qxd3 Nb6 26. Qe2 Nxc4 27. Rc1 Kb8
28. Be1 Rd4 29. Qxh5 Rf4 30. Bh3 Ne3+ 31. Ke2 Qxa2+ 32. Kxe3 Bxb4 33. Qh7 Bxe1
34. Qxg8+ Ka7 35. Rcxe1 Qxf2+ 36. Kd3 Rd4+ 0-1

[Event "Hastings Masters 2011-12"]
[Site "Hastings ENG"]
[Date "2011.12.28"]
[Round "1.12"]
[White "Lalith, Babu M.R"]
[Black "Talsma, Paul"]
[Result "1-0"]
[WhiteElo "2484"]
[BlackElo "2246"]
[PlyCount "47"]
[EventDate "2011.12.28"]

1. Nf3 f5 2. g3 Nf6 3. Bg2 g6 4. O-O Bg7 5. d4 O-O 6. c4 d6 7. Nc3 Qe8 8. d5 a5
9. Be3 Na6 10. Qd2 Ng4 11. Bd4 Bh6 12. Ng5 c5 13. dxc6 bxc6 14. h3 e5 15. Bb6
Rb8 16. Bxa5 Qe7 17. hxg4 Bxg5 18. e3 e4 19. Rad1 Qe5 20. Na4 Nc5 21. Bc7 Nxa4
22. Bxb8 Rd8 23. Bxd6 Qf6 24. Qa5 1-0

[Event "Hastings Masters 2011-12"]
[Site "Hastings ENG"]
[Date "2011.12.28"]
[Round "1.13"]
[White "Eames, Robert S"]
[Black "Shyam, Nikil P"]
[Result "1/2-1/2"]
[WhiteElo "2241"]
[BlackElo "2482"]
[PlyCount "152"]
[EventDate "2011.12.28"]

1. e4 c5 2. Nf3 d6 3. d4 cxd4 4. Nxd4 Nf6 5. Nc3 a6 6. Be3 e5 7. Nb3 Be6 8. f3
Nbd7 9. Qd2 Be7 10. O-O-O b5 11. g4 Nb6 12. Qf2 Nfd7 13. Kb1 Nc4 14. Bc1 Qb6
15. Qxb6 Ndxb6 16. h4 O-O 17. h5 Rfc8 18. Nd5 Bxd5 19. exd5 a5 20. Na1 Na4 21.
Bh3 b4 22. g5 Rc7 23. g6 Bf6 24. gxf7+ Kxf7 25. Nb3 e4 26. Be6+ Kf8 27. Nd4 e3
28. Rd3 Rb8 29. Nc6 Rbb7 30. Bxe3 Bxb2 31. Rh4 Na3+ 32. Rxa3 bxa3 33. Rxa4 Bd4+
34. Kc1 Bxe3+ 35. Kd1 g6 36. hxg6 hxg6 37. Rxa3 Bb6 38. f4 Rh7 39. Rg3 Rh1+ 40.
Ke2 Rh2+ 41. Kd3 Rg7 42. a4 Rh4 43. Kc4 Rxf4+ 44. Kb5 Bf2 45. Rh3 Rb7+ 46. Ka6
Rb6+ 47. Kxa5 Rb2 48. Rb3 Rxc2 49. Ka6 Rxa4+ 50. Kb7 Kg7 51. Kc7 Ra7+ 52. Kxd6
Bc5+ 53. Ke5 Ra4 54. Rb7+ Kh6 55. d6 Rd2 56. d7 Bd6+ 57. Kf6 Rf4+ 58. Bf5 Re2
59. Rb5 Bc7 60. d8=Q Bxd8+ 61. Nxd8 Ref2 62. Nf7+ Kh5 63. Nd6 gxf5 64. Rb8 R4f3
65. Rg8 Kh4 66. Rg5 f4 67. Nf5+ Kh3 68. Rh5+ Kg2 69. Nh4+ Kg1 70. Nxf3+ Rxf3
71. Kf5 Rf2 72. Ke4 Kg2 73. Rg5+ Kh3 74. Rg8 Rf1 75. Rg7 Kh4 76. Rg8 Kh3
1/2-1/2

[Event "Hastings Masters 2011-12"]
[Site "Hastings ENG"]
[Date "2011.12.28"]
[Round "1.14"]
[White "Flear, Glenn C"]
[Black "Repplinger, Marc"]
[Result "1/2-1/2"]
[WhiteElo "2472"]
[BlackElo "2241"]
[PlyCount "104"]
[EventDate "2011.12.28"]

1. d4 e6 2. c4 f5 3. g3 Nf6 4. Bg2 Bb4+ 5. Nd2 O-O 6. Ngf3 d6 7. O-O Bxd2 8.
Qxd2 Qe8 9. b4 Nbd7 10. Bb2 Nb6 11. Rac1 Qa4 12. d5 Ne4 13. Qd4 e5 14. Nxe5
dxe5 15. Qxe5 Qd7 16. Bxe4 fxe4 17. Qxe4 Qf7 18. f3 a5 19. b5 Nd7 20. Qd4 b6
21. Ba3 Re8 22. e4 Qf6 23. Qxf6 gxf6 24. c5 Ne5 25. Rc3 Bh3 26. Rfc1 h5 27.
cxb6 cxb6 28. Bd6 Bd7 29. a4 f5 30. Bc7 fxe4 31. fxe4 Bg4 32. Rf1 Nd7 33. Rf4
Rac8 34. e5 Rxc7 35. Rxc7 Nxe5 36. d6 Rd8 37. Re4 Nf7 38. Ree7 Nxd6 39. Rg7+
Kf8 40. Rh7 Kg8 41. h3 Bxh3 42. Rxh5 Be6 43. Rc6 Bf7 44. Rg5+ Kf8 45. Rxb6 Ne4
46. Rg4 Rd1+ 47. Kg2 Rd2+ 48. Kf3 Bh5 49. Kxe4 Bxg4 50. Ra6 Rb2 51. Rxa5 Bd1
52. Kd4 Bxa4 1/2-1/2

[Event "Hastings Masters 2011-12"]
[Site "Hastings ENG"]
[Date "2011.12.28"]
[Round "1.16"]
[White "Shyam, Sundar M"]
[Black "Snape, Ian L"]
[Result "0-1"]
[WhiteElo "2462"]
[BlackElo "2231"]
[PlyCount "70"]
[EventDate "2011.12.28"]

1. d4 c5 2. d5 g6 3. e4 d6 4. Nc3 Bg7 5. Bb5+ Bd7 6. a4 Nf6 7. Nf3 O-O 8. Nd2
Bxb5 9. axb5 Nbd7 10. O-O Ne8 11. Nc4 Nc7 12. Bg5 h6 13. Bh4 Bf6 14. Bg3 a6 15.
bxa6 Rxa6 16. Rxa6 Nxa6 17. f4 Nb6 18. Na3 Bd4+ 19. Kh1 Nc7 20. Qd3 f5 21. Bh4
Qe8 22. Nab1 fxe4 23. Qxe4 g5 24. Bg3 Qf7 25. Ne2 Nbxd5 26. c3 Bg7 27. c4 Nb4
28. Qxb7 Qxc4 29. Qxc7 Qxe2 30. Re1 Rxf4 31. Qc8+ Kh7 32. h3 Rf1+ 33. Kh2 Rxe1
34. Qf5+ Kg8 35. Qc8+ Bf8 0-1

[Event "Hastings Masters 2011-12"]
[Site "Hastings ENG"]
[Date "2011.12.28"]
[Round "1.17"]
[White "Ledger, Dave J"]
[Black "Pert, Richard G"]
[Result "1/2-1/2"]
[WhiteElo "2228"]
[BlackElo "2455"]
[PlyCount "107"]
[EventDate "2011.12.28"]

1. e4 c5 2. Nf3 d6 3. d4 cxd4 4. Nxd4 Nf6 5. Nc3 g6 6. Be3 Bg7 7. f3 Nc6 8. Qd2
O-O 9. Bc4 Bd7 10. O-O-O Rc8 11. Bb3 Nxd4 12. Bxd4 b5 13. Nd5 Nxd5 14. Bxg7
Kxg7 15. exd5 a5 16. a3 b4 17. axb4 axb4 18. h4 Kg8 19. h5 Bf5 20. hxg6 Bxg6
21. Qxb4 Qc7 22. Rd4 Rb8 23. Qc3 Qa7 24. Ra4 Qd7 25. Rhh4 Qb5 26. Qc4 Qb7 27.
Qc6 e5 28. Qxb7 Rxb7 29. Rhb4 Rd7 30. Ra6 Rfd8 31. Rbb6 e4 32. f4 e3 33. g4 f5
34. gxf5 Bh5 35. Bc4 Rg7 36. b4 e2 37. Bxe2 Bxe2 38. Rxd6 Rf8 39. Rac6 h5 40.
Kd2 Bb5 41. Rc5 Bd7 42. f6 Rg2+ 43. Ke3 Bf5 44. Kf3 Rxc2 45. Rxc2 Bxc2 46. b5
Rb8 47. b6 Kf7 48. Kg3 Bf5 49. Kh4 Bg4 50. Kg5 Rg8+ 51. Kh4 Rb8 52. Kg5 Rg8+
53. Kh4 Rb8 54. Kg5 1/2-1/2

[Event "Hastings Masters 2011-12"]
[Site "Hastings ENG"]
[Date "2011.12.28"]
[Round "1.18"]
[White "Simacek, Pavel"]
[Black "Kewes, Gerd"]
[Result "1-0"]
[WhiteElo "2448"]
[BlackElo "2222"]
[PlyCount "51"]
[EventDate "2011.12.28"]

1. e4 c5 2. Nc3 e6 3. f4 d6 4. Nf3 a6 5. g3 b5 6. Bg2 Bb7 7. d3 Nc6 8. O-O g6
9. f5 gxf5 10. exf5 e5 11. Ng5 Nf6 12. Nd5 Bg7 13. Nxf6+ Bxf6 14. Bd5 Bxg5 15.
Qh5 Qf6 16. Bxg5 Qg7 17. a4 b4 18. c3 Rb8 19. Qh4 Rg8 20. Bh6 Qh8 21. Bxf7+
Kxf7 22. Qc4+ Ke8 23. f6 Kd8 24. f7 Rf8 25. Bg5+ Kc7 26. Bf6 1-0

[Event "Hastings Masters 2011-12"]
[Site "Hastings ENG"]
[Date "2011.12.28"]
[Round "1.19"]
[White "Briscoe, Chris"]
[Black "Demuth, Adrien"]
[Result "0-1"]
[WhiteElo "2220"]
[BlackElo "2442"]
[PlyCount "108"]
[EventDate "2011.12.28"]

1. c4 Nf6 2. Nc3 g6 3. e4 d6 4. g3 Bg7 5. Bg2 O-O 6. Nge2 c5 7. O-O Nc6 8. b3
Ne8 9. Bb2 Nc7 10. Qb1 Ne6 11. Nb5 Bh6 12. f4 a6 13. Na3 Ned4 14. Nxd4 Nxd4 15.
Nc2 e5 16. Nxd4 exd4 17. a4 Bg7 18. Qd3 Rb8 19. Rfc1 b5 20. cxb5 axb5 21. a5
Ba6 22. Qf1 Re8 23. Qf2 b4 24. Re1 Qd7 25. Bf1 Ra8 26. h4 Qe6 27. Qf3 Bxf1 28.
Kxf1 Ra6 29. f5 Qe5 30. Kg2 Bh6 31. d3 Bd2 32. Rf1 Re7 33. h5 gxf5 34. h6 Bxh6
35. Qh5 Qe6 36. Rxf5 Qg6 37. Qh4 Re5 38. Raf1 Rxf5 39. Rxf5 Kg7 40. Qd8 Be3 41.
Rf3 Bg5 42. Qc7 Qe6 43. Rf5 Be3 44. Qd8 h6 45. g4 Bg5 46. Qc7 Qxb3 47. Rf2 Be3
48. g5 Bxf2 49. gxh6+ Kxh6 50. Qe7 Qe6 51. Qf8+ Kh7 52. Kxf2 Rxa5 53. Bc1 Ra2+
54. Kg3 Qg6+ 0-1

[Event "Hastings Masters 2011-12"]
[Site "Hastings ENG"]
[Date "2011.12.28"]
[Round "1.20"]
[White "Radovanovic, Jovica"]
[Black "Britton, Richard L"]
[Result "1/2-1/2"]
[WhiteElo "2309"]
[BlackElo "2219"]
[PlyCount "140"]
[EventDate "2011.12.28"]

1. Nf3 Nf6 2. g3 g6 3. c4 Bg7 4. Bg2 O-O 5. O-O d6 6. d4 Nc6 7. Nc3 e5 8. d5
Ne7 9. e4 Ne8 10. Ne1 f5 11. Nd3 Nf6 12. Bg5 h6 13. Bxf6 Bxf6 14. f4 exf4 15.
Nxf4 g5 16. Ne6 Bxe6 17. dxe6 c6 18. Kh1 Be5 19. Qh5 Rf6 20. exf5 Bxc3 21. bxc3
Qa5 22. Rab1 b6 23. Qd1 Nxf5 24. Bxc6 Raf8 25. Qd3 Qc5 26. Bd5 Ne7 27. Rxf6
Rxf6 28. Qd4 Qxd4 29. cxd4 Nxd5 30. cxd5 Rf5 31. Rc1 Kf8 32. Rc8+ Ke7 33. Rc7+
Ke8 34. Rc8+ Ke7 35. Rc7+ Ke8 36. Rxa7 Rxd5 37. Rh7 Rxd4 38. Rxh6 Ke7 39. Rg6
g4 40. a3 Re4 41. Kg1 d5 42. Rg7+ Kxe6 43. Rg6+ Ke5 44. Rxb6 Kd4 45. h3 gxh3
46. Kh2 Ke3 47. Rb3+ Ke2 48. Rb2+ Kf3 49. Kxh3 d4 50. a4 d3 51. a5 Re1 52. Kh4
Rh1+ 53. Kg5 Rg1 54. Kf5 Ra1 55. Rb3 Rxa5+ 56. Ke6 Ke2 57. Kf6 d2 58. Rb2 Ra4
59. Kf5 Rd4 60. Rxd2+ Rxd2 61. g4 Kf3 62. g5 Rd5+ 63. Kf6 Kf4 64. g6 Rd6+ 65.
Kf7 Kf5 66. g7 Rd7+ 67. Kg8 Rd1 68. Kf7 Rd7+ 69. Kg8 Kg6 70. Kh8 Rxg7 1/2-1/2

[Event "Hastings Masters 2011-12"]
[Site "Hastings ENG"]
[Date "2011.12.28"]
[Round "1.21"]
[White "MacQueen, Calum"]
[Black "Arkell, Keith C"]
[Result "0-1"]
[WhiteElo "2219"]
[BlackElo "2418"]
[PlyCount "130"]
[EventDate "2011.12.28"]

1. d4 Nf6 2. c4 e6 3. g3 c5 4. d5 exd5 5. cxd5 d6 6. Nc3 g6 7. Bg2 Bg7 8. Nf3
O-O 9. O-O a6 10. a4 Re8 11. Nd2 Nbd7 12. Nc4 Nb6 13. Na3 Bd7 14. Re1 Qc7 15.
h3 Nxa4 16. Nxa4 b5 17. e4 bxa4 18. Bg5 h6 19. Bf4 Nh5 20. Bd2 Rab8 21. g4 Nf6
22. Bc3 g5 23. Nc4 Bb5 24. Ne3 Nd7 25. Bxg7 Kxg7 26. Nf5+ Kh7 27. h4 Ne5 28.
Ra3 Bd7 29. hxg5 hxg5 30. Rh3+ Kg8 31. Qd2 Qd8 32. f4 gxf4 33. Qxf4 Bxf5 34.
gxf5 Qf6 35. Ree3 Rb3 36. Rxb3 axb3 37. Rxb3 Kf8 38. Rh3 Ke7 39. Rh6 Nd3 40.
Qe3 Qd4 41. f6+ Kd8 42. Qxd4 cxd4 43. Rh3 Nf4 44. Rb3 Kc7 45. Bf3 Rg8+ 46. Kf2
Rg6 47. Ra3 Rxf6 48. Rxa6 Nd3+ 49. Ke2 Ne5 50. Bg2 Rg6 51. Bf1 Rg1 52. Ra3 Rg4
53. b4 d3+ 54. Rxd3 Rxe4+ 55. Re3 Rxb4 56. Rc3+ Kd8 57. Ke3 f5 58. Bh3 f4+ 59.
Kf2 Rb2+ 60. Kf1 Ke7 61. Ra3 f3 62. Ra7+ Kf6 63. Ra6 Nc4 64. Rc6 Ne3+ 65. Kg1
Ke5 0-1

[Event "Hastings Masters 2011-12"]
[Site "Hastings ENG"]
[Date "2011.12.28"]
[Round "1.22"]
[White "Houska, Jovanka"]
[Black "Surendran, N."]
[Result "1-0"]
[WhiteElo "2415"]
[BlackElo "2207"]
[PlyCount "69"]
[EventDate "2011.12.28"]

1. d4 Nf6 2. Nf3 e6 3. c4 Bb4+ 4. Bd2 Be7 5. Nc3 d5 6. Bg5 O-O 7. e3 Nbd7 8.
Rc1 c6 9. cxd5 Nxd5 10. Bxe7 Qxe7 11. Bd3 e5 12. Nxd5 cxd5 13. dxe5 Nxe5 14.
Be2 Bg4 15. O-O Bxf3 16. Bxf3 Nxf3+ 17. Qxf3 Qe5 18. Rc2 Rac8 19. Rd2 Rfd8 20.
Rfd1 Rc6 21. g3 g6 22. b3 Rf6 23. Qe2 h5 24. Rd4 Ra6 25. h4 Rdd6 26. Qd2 Kh7
27. e4 Rf6 28. exd5 Rad6 29. Re1 Qf5 30. Re7 Qc8 31. Rf4 Qd8 32. Rxf7+ Rxf7 33.
Rxf7+ Kg8 34. Rxb7 Rxd5 35. Qh6 1-0

[Event "Hastings Masters 2011-12"]
[Site "Hastings ENG"]
[Date "2011.12.28"]
[Round "1.23"]
[White "Anderson, John"]
[Black "Anwesh, Upadhyaya"]
[Result "0-1"]
[WhiteElo "2202"]
[BlackElo "2413"]
[PlyCount "112"]
[EventDate "2011.12.28"]

1. e4 e5 2. f4 exf4 3. Nf3 Ne7 4. Nc3 d5 5. exd5 Nxd5 6. Nxd5 Qxd5 7. d4 Bd6 8.
Be2 O-O 9. O-O c6 10. c4 Qf5 11. Ne5 Bxe5 12. dxe5 Qxe5 13. Bxf4 Qc5+ 14. Kh1
Re8 15. Bd3 Nd7 16. b4 Qe7 17. Qf3 Nf6 18. Bg5 h6 19. Bxf6 Qxf6 20. Qxf6 gxf6
21. Rxf6 Kg7 22. Rf3 Be6 23. Kg1 Red8 24. a3 Rd4 25. Re1 a5 26. Bf1 axb4 27.
axb4 b6 28. Rc1 Ra4 29. b5 c5 30. Rfc3 Rd2 31. Rf3 Raa2 32. h3 Ra4 33. Kh2 Rd4
34. Rfc3 Kf6 35. Kg3 Ke5 36. Re3+ Kd6 37. Rec3 h5 38. Kf3 Bc8 39. Re3 h4 40.
Kf2 Be6 41. Rec3 Rd2+ 42. Kg1 Rd4 43. Rf3 f5 44. Rcc3 f4 45. Ra3 Rxa3 46. Rxa3
Bxc4 47. Bxc4 Rxc4 48. Ra6 Rb4 49. Rxb6+ Kd5 50. Rh6 c4 51. Kf2 Rb2+ 52. Ke1
Rxg2 53. Rxh4 c3 54. Rh8 c2 55. Rc8 f3 56. Kf1 Rd2 0-1

[Event "Hastings Masters 2011-12"]
[Site "Hastings ENG"]
[Date "2011.12.28"]
[Round "1.24"]
[White "Roy Chowdhury, Saptarshi"]
[Black "Rolvag, Mikael"]
[Result "1/2-1/2"]
[WhiteElo "2411"]
[BlackElo "2201"]
[PlyCount "74"]
[EventDate "2011.12.28"]

1. e4 c6 2. Ne2 e5 3. d4 d6 4. Nbc3 Nf6 5. f3 Qa5 6. Be3 Nbd7 7. Qd2 b5 8. a3
Be7 9. Ng3 g6 10. Be2 Qc7 11. O-O Nb6 12. b3 a6 13. Kh1 h5 14. Rfd1 h4 15. Nf1
Nh5 16. a4 Rb8 17. axb5 axb5 18. Na2 f5 19. exf5 gxf5 20. Bg5 Nd5 21. Bxe7 Qxe7
22. dxe5 dxe5 23. Ne3 Qc5 24. Nf1 h3 25. g3 Qf2 26. Bd3 Qxf3+ 27. Kg1 e4 28.
Re1 O-O 29. c4 Ndf6 30. Bc2 bxc4 31. bxc4 Qa3 32. Nc3 Qc5+ 33. Ne3 Ng4 34. Na4
Qa7 35. Nc3 Qc5 36. Na4 Qa7 37. Nc3 Qc5 1/2-1/2

[Event "Hastings Masters 2011-12"]
[Site "Hastings ENG"]
[Date "2011.12.28"]
[Round "1.26"]
[White "Rendle, Thomas E"]
[Black "Waddington, Mike P"]
[Result "1-0"]
[WhiteElo "2389"]
[BlackElo "2114"]
[PlyCount "86"]
[EventDate "2011.12.28"]

1. e4 c5 2. Nf3 Nc6 3. Bb5 g6 4. Bxc6 dxc6 5. d3 Bg7 6. O-O e5 7. a4 a5 8. Na3
Qc7 9. Be3 b6 10. Nc4 Be6 11. Nfd2 Nf6 12. f4 Ng4 13. f5 Nxe3 14. Nxe3 Bd7 15.
f6 Bf8 16. Ndc4 O-O-O 17. Ra3 Re8 18. Rb3 b5 19. axb5 cxb5 20. Nd5 Qa7 21.
Ndb6+ Kd8 22. Nxd7 Qxd7 23. Qd2 b4 24. Nxa5 Re6 25. Nc4 h5 26. c3 Qa4 27. Qd1
Kc7 28. Ne3 Ra6 29. cxb4 cxb4 30. d4 Bd6 31. Qd3 Rc8 32. Nd5+ Kb7 33. dxe5 Bc5+
34. Kh1 Rac6 35. Nf4 R6c7 36. Qd5+ Ka7 37. Rd3 g5 38. Nxh5 Bb6 39. e6 fxe6 40.
Qxe6 Qa1 41. Rdd1 Qxb2 42. f7 Bc5 43. Qd5 Bf8 1-0

[Event "Hastings Masters 2011-12"]
[Site "Hastings ENG"]
[Date "2011.12.28"]
[Round "1.28"]
[White "Vuilleumier, Alexandre"]
[Black "O'Toole, George E"]
[Result "1-0"]
[WhiteElo "2356"]
[BlackElo "2189"]
[PlyCount "147"]
[EventDate "2011.12.28"]

1. Nf3 Nf6 2. d4 e6 3. g3 b6 4. Bg2 Bb7 5. O-O Be7 6. Nbd2 O-O 7. Re1 Ne4 8.
Ne5 f5 9. f3 Nxd2 10. Qxd2 d6 11. Nd3 Bf6 12. Nf4 Qe8 13. d5 Bg5 14. dxe6 Bxf4
15. Qxf4 Qxe6 16. Qe3 Qf6 17. Qg5 Nd7 18. Qxf6 Nxf6 19. h3 Rae8 20. a4 a5 21.
Ra3 Re7 22. Re3 Rxe3 23. Bxe3 Bc6 24. b3 Nd5 25. Bd2 f4 26. c4 Ne3 27. gxf4
Nxg2 28. Kxg2 Bd7 29. e4 Rf6 30. f5 Rf8 31. Bc3 Kf7 32. Kg3 g6 33. f6 Re8 34.
Kf4 h5 35. h4 Be6 36. Rb1 Rd8 37. Rd1 Rd7 38. Kg5 Rd8 39. Rg1 Re8 40. Rg2 Rd8
41. Kf4 Rd7 42. Rg5 Rd8 43. Ke3 Re8 44. Kd3 Rg8 45. Kc2 Bd7 46. Kb2 Bc6 47. Ka3
Rd8 48. Rg1 Re8 49. Rd1 Re6 50. c5 bxc5 51. Bxa5 Rxf6 52. Rd3 Ke7 53. Bxc7 Re6
54. a5 Bb5 55. Rd2 Kd7 56. Bb8 Kc6 57. Kb2 Rf6 58. Kc1 Bf1 59. f4 Re6 60. e5 d5
61. Bd6 Re8 62. Rc2 c4 63. bxc4 Bxc4 64. Rb2 Bb5 65. Rg2 Bd3 66. Rg3 Be4 67.
Rb3 Ra8 68. Rb6+ Kd7 69. a6 Bd3 70. a7 Bf5 71. Bc5 Kc7 72. Rb8 Rxb8 73. Bd6+
Kb7 74. axb8=Q+ 1-0

[Event "Hastings Masters 2011-12"]
[Site "Hastings ENG"]
[Date "2011.12.28"]
[Round "1.30"]
[White "Knott, Simon J B"]
[Black "Maciol, Ryszard"]
[Result "1/2-1/2"]
[WhiteElo "2332"]
[BlackElo "2185"]
[PlyCount "44"]
[EventDate "2011.12.28"]

1. Nf3 Nf6 2. c4 e6 3. g3 c5 4. Bg2 Be7 5. O-O O-O 6. Nc3 Nc6 7. d4 cxd4 8.
Nxd4 Qb6 9. Ndb5 d5 10. Be3 Qa5 11. cxd5 exd5 12. Nd4 Bg4 13. Nb3 Qb4 14. Bg5
Rfd8 15. Bxf6 Bxf6 16. Nxd5 Qd6 17. h3 Bxh3 18. Bxh3 Qxd5 19. Qxd5 Rxd5 20. Bg2
Rb5 21. Rac1 Bxb2 22. Rxc6 bxc6 1/2-1/2

[Event "Hastings Masters 2011-12"]
[Site "Hastings ENG"]
[Date "2011.12.28"]
[Round "1.31"]
[White "Sugden, John N"]
[Black "Haria, Ravi"]
[Result "1/2-1/2"]
[WhiteElo "2180"]
[BlackElo "2045"]
[PlyCount "63"]
[EventDate "2011.12.28"]

1. d4 Nf6 2. c4 c5 3. e3 g6 4. Nc3 Bg7 5. Nf3 O-O 6. Be2 cxd4 7. exd4 d5 8.
cxd5 Nxd5 9. O-O Nc6 10. Bg5 h6 11. Be3 Be6 12. Qd2 Kh7 13. Rfd1 Rc8 14. Na4
Bf5 15. Rac1 Qa5 16. Qxa5 Nxa5 17. Nc3 Nxc3 18. bxc3 Rfd8 19. c4 g5 20. h3 Rd7
21. g4 Be4 22. Nd2 Bg6 23. Nb3 Nxb3 24. axb3 Rcd8 25. Bf3 b6 26. c5 bxc5 27.
dxc5 Rxd1+ 28. Rxd1 Rxd1+ 29. Bxd1 Be4 30. b4 Be5 31. Ba4 a6 32. b5 1/2-1/2